000 03621cam a22012374i 4500
003 PE-LiUPU
005 20250813185329.0
008 151115r2012 ck o 000 0 spa d
020 _a9586487873
020 _a9789586487870
035 _a(Sirsi) i9789586487870
040 _aSUE
_bspa
_cSUE
_dPE-LiUPU
_erda
049 _aPRUA
050 1 4 _aLB41
_bA489 2012eb
082 0 4 _a370.153
_bA52
_222
100 1 _aAmaya Betancourt, Arnobio,
_eautor.
245 1 0 _aPedagogía de la ternura :
_bConceptos básicos /
_cArnobio Maya Betancourt.
250 _aSegunda edición.
256 _aServicio en línea.
264 _aBogotá :
_bEcoe Ediciones,
_c2012.
300 _a148 páginas ;
_c24 centímetros.
336 _text
_2rdacontent
337 _unmediated
_2rdamedia
338 _volume
_2rdacarrier
490 0 _aEducación y pedagogía. Pedagogía
504 _aBibliografía: páginas 145-148.
505 2 _a¿Es la educación actual una educación para aprender a aprender, a emprender, a hacer y a ser? -- La educación que nos dejó el siglo pasado -- La educación en perpectiva del siglo XXI -- El papel de la escuela debe transformarse -- Acercamiento al concepto de ternura -- La afectividad, las emociones, los sentimientos y la ternura -- ¿Por qué es tan necesaria e importante la ternura en la y en la vida y en la educación? -- La ternura debe originarse y crecer primero en la vida familiar -- Limitaciones en la expresión de la ternura -- Los docentes, las docentes y la ternura en las escuelas y en las aulas -- ¿Cómo construir o trabajar una pedagogía de la ternura en la escuela y en el aula?.
526 _aP202
526 _aP201
526 _aP163
526 _aP162
526 _aP161
526 _aP160
526 _aP148
526 _aP147
526 _aP146
526 _aP145
526 _aP144
526 _aP143
526 _aP142
526 _aP141
526 _aP140
526 _aP139
526 _aP138
526 _aP137
526 _aP136
526 _aP135
526 _aP134
526 _aP133
526 _aP129
526 _aP128
526 _aP127
526 _aP120
526 _aP119
526 _aP118
526 _aP116
526 _aP115
526 _aP114
526 _aP110
526 _aP109
526 _aP108
526 _aP104
526 _aP103
526 _aP102
526 _aP99
526 _aP98
526 _aP97
526 _aP96
526 _aP95
526 _aP93
526 _aP90
526 _aP89
526 _aP88
526 _aP83
526 _aP82
526 _aP62
526 _aP59
526 _aP58
526 _aP57
526 _aP51
526 _aP49
526 _aP48
526 _aP47
526 _aP29
526 _aP24
526 _aP20
526 _aP19
526 _aP17
526 _aP15
526 _aP14
526 _aP12
526 _aP10
526 _aP09
526 _aP08
526 _aP07
526 _aP06
526 _aP05
526 _aP04
526 _aP01
541 _g0020-0000903;
942 _2ddc
_cBOOK
949 _a370.153 A52
_wDEWEY
_c1
_i74062
_lCCODEBUL1
_mBUL
_p19.48
_r0
_sY
_tBOOK
_u2016-7-15
_xEDUCACION
_PP20
_0COMPRA
_o.STAFF. Colección General
994 _aC0
_bPEPRU
596 _a1
999 _a370.153 A52
_wDEWEY
_c11277
_i74062
_f2021-11-8
_g5
_lCCODEBUL1
_mBUL
_p19.48
_r0
_sY
_tBOOK
_u2016-7-15
_xEDUCACION
_PP20
_0COMPRA
_o.STAFF. Colección General
_d11277
980 _81
_gALBERTO SANCHEZ Responsable de Automatización